Nesubjektívne formy podnikania (zmluva o združení a zmluva o tichom spoločenstve) diplomová práca

Uložené v:
Podrobná bibliografia
Hlavný autor: Birešová, Monika
Korporativný autor: Obchodná fakulta EU. Katedra obchodného práva
Ďalší autori: Holub, Dušan
Médium: Kniha
Jazyk:Slovak
Vydavateľské údaje: Bratislava 2013
Tagy: Pridať tag
Žiadne tagy, Buďte prvý, kto otaguje tento záznam!

MARC

LEADER 00000nbm a2200000 4500
001 0169711
005 20161109102321.8
041 0 |a slo 
044 |a SK 
245 1 0 |a Nesubjektívne formy podnikania (zmluva o združení a zmluva o tichom spoločenstve)  |b diplomová práca  |c Monika Birešová ; školiteľ: Dušan Holub 
264 1 |a Bratislava  |c 2013 
300 |a 81 s. 
100 1 |a Birešová, Monika 
700 1 |a Holub, Dušan 
710 2 |a Obchodná fakulta EU. Katedra obchodného práva